| 000 | 03000nam a2200385Ia 4500 | ||
|---|---|---|---|
| 001 | bslw09388028 | ||
| 003 | UtOrBLW | ||
| 005 | 20210303085039.0 | ||
| 006 | m o d | ||
| 007 | cr un||||||||| | ||
| 008 | 151228s2015 enk o 000 0 eng d | ||
| 020 |
_a9781784416638 (electronic bk.) : _cĐ77.95 : <U+20ac>105.95 : $134.95 |
||
| 040 | _aUtOrBLW | ||
| 050 | 4 |
_aLC3965 _b.I58 2015 |
|
| 072 | 7 |
_aJNS _2bicssc |
|
| 072 | 7 |
_aEDU026000 _2bisacsh |
|
| 080 | _a376 | ||
| 082 | 0 | 4 |
_a371.9 _223 |
| 245 | 0 | 0 |
_aInterdisciplinary connections to special education _h[electronic resource] : _bkey related professionals involved / _cedited by Festus E. Obiakor, Jeffrey P. Bakken. |
| 260 |
_aBingley, U.K. : _bEmerald, _c2015. |
||
| 300 | _a1 online resource (x, 211 p.) | ||
| 490 | 1 |
_aAdvances in special education, _x0270-4013 ; _vv. 30b |
|
| 505 | 0 | _aThe role of the school nurse in special education / Kelly Schwend, Maureen Cluskey -- The role of art therapists in maximizing the mental health and potential of learners with special needs / Gaelynn P. Wolf Bordonaro, Laura Cherry, Jessica Stallings -- The role of physical therapists in advancing special education / Brenda Pratt, Melissa L. Peterson -- Role of speech-language pathologists in special education / Rita L. Bailey -- The role of special music educators and music therapists in assisting exceptional learners / Kimberly McCord -- Role of adapted physical education specialists / Deborah Garrahy -- Roles of various professionals related to the education of deaf/hard of hearing students / Christina M. Borders ... [et al.] -- Roles of nutritionists/dieticians in assisting exceptional learner / Patrick A. Grant, Nia A. Grant -- Role of specialists in working with learners with swallowing problems / Ruth Renee Hannibal -- Role of audiologists in special services / Lindsay Bondurant -- Role of vision specialists in special services / Stacy M. Kelly. | |
| 520 | _aThis two-part volume addresses the specific area of interdisciplinary connections within special education research. Special education has transformed as a result of legislation, new trends and current research investigations. Currently, there is no comprehensive resource that effectively covers these advances. Continuing the approach of part a, part b allows readers to follow interdisciplinary connections within special education as it relates to the roles of audiologists, surgeons, vision specialists and school nurses. | ||
| 588 | 0 | _aPrint version record | |
| 650 | 7 |
_aEducation _xSpecial Education _xGeneral. _2bisacsh |
|
| 650 | 7 |
_aTeaching of specific groups & persons with special educational needs. _2bicssc |
|
| 650 | 0 | _aSpecial education. | |
| 650 | 0 | _aInterdisciplinary approach in education. | |
| 700 | 1 | _aObiakor, Festus E. | |
| 700 | 1 | _aBakken, Jeffrey P. | |
| 776 | 1 | _z9781784416645 | |
| 830 | 0 |
_aAdvances in special education ; _vv. 30b. |
|
| 856 | 4 | 0 | _uhttps://www.emerald.com/insight/publication/doi/10.1108/S0270-4013201530B |
| 999 |
_c30597 _d30597 |
||